| 000 | 00691nam a2200205 i 4500 | ||
|---|---|---|---|
| 001 | 46397 | ||
| 003 | ES-MaACL | ||
| 005 | 20240527131706.0 | ||
| 007 | t| | ||
| 008 | 030328s1974 sp |||| | spa d | ||
| 245 | 0 | 3 |
_aEl comentario de textos. _n2, _pde Galdós a García Márquez / _cAurora de Albornoz, Manuel Criado de Val ; prólogo de Andrés Amorós. |
| 260 |
_a[Madrid] : _bCastalia, _c[1974] |
||
| 300 |
_a316 p. ; _c18 cm. |
||
| 650 | 0 | 4 |
_aLiteratura- _xComentario de textos. _914483 |
| 700 | 0 |
_aAlbornoz, Aurora de, _d1926-1990 _919411 |
|
| 700 | 1 |
_aCriado de Val, Manuel. _941605 |
|
| 700 | 1 |
_aAmorós, Andrés. _921309 |
|
| 852 |
_aES-MaACL _jE-8509 |
||
| 999 |
_c46397 _d46397 |
||